Krízový manažment II

Lexikón odbornej terminológie.

Gespeichert in:
Bibliographische Detailangaben
1. Verfasser: Ondrejkovičová, Jelena
Weitere Verfasser: Ferenčíková, Petra, Rechtoríková, Gabriela
Format: Buchkapitel
Sprache:Slowakisch
Englisch
Deutsch
Französisch
Russisch
Schlagworte:
Tags: Tag hinzufügen
Keine Tags, Fügen Sie das erste Tag hinzu!

MARC

LEADER 00000naa a2200000 4500
001 0147070
005 20240502072645.8
041 0 |a slo 
041 0 |a eng 
041 0 |a ger 
041 0 |a fre 
041 0 |a rus 
044 |a SK 
245 1 0 |a Krízový manažment II  |c Jelena Ondrejkovičová, Petra Ferenčíková, Gabriela Rechtoríková 
520 |a Lexikón odbornej terminológie. 
610 2 0 |a ochrana civilná 
610 2 0 |a polícia 
610 2 0 |a terminológia 
610 2 0 |a slovníky 
100 1 |a Ondrejkovičová, Jelena 
700 1 |a Ferenčíková, Petra 
700 1 |a Rechtoríková, Gabriela